| 000 | 00373pam a2200145 a 4500 | ||
|---|---|---|---|
| 020 | _c | ||
| 041 | _h | ||
| 082 |
_a658.45000000000005 _bMEN |
||
| 100 | _aMenon, M | ||
| 245 |
_aDevelopment Communication And Media Debate _hTextual Documents |
||
| 250 | _a2nd ed | ||
| 260 |
_aNew Delhi _bKanishka Publication And Distributors _c2004 |
||
| 300 | _aVII/316 | ||
| 930 | _a8518 | ||
| 999 |
_c115345 _d115345 |
||